ASPECTS OF LABOUR WELFARE AND SOCIAL SECURITY (Record no. 8038)

MARC details
000 -LEADER
fixed length control field 00410nam a22001577a 4500
005 - DATE AND TIME OF LATEST TRANSACTION
control field 20221215121038.0
008 - FIXED-LENGTH DATA ELEMENTS--GENERAL INFORMATION
fixed length control field 221215b |||||||| |||| 00| 0 eng d
020 ## - INTERNATIONAL STANDARD BOOK NUMBER
ISBN 978-93-5596-547-9
041 ## - LANGUAGE CODE
Language code of text/sound track or separate title eng
082 ## - DEWEY DECIMAL CLASSIFICATION NUMBER
Classification number 331.9-SAR-A
100 ## - MAIN ENTRY--AUTHOR NAME
Personal name SARMA,A.M
245 ## - TITLE STATEMENT
Title ASPECTS OF LABOUR WELFARE AND SOCIAL SECURITY
260 ## - PUBLICATION, DISTRIBUTION, ETC. (IMPRINT)
Place of publication MUMBAI
Name of publisher HIMALAYA PUBLISING HOUSE
Year of publication 2022
300 ## - PHYSICAL DESCRIPTION
Number of Pages 492;P.
942 ## - ADDED ENTRY ELEMENTS (KOHA)
Koha item type Books
Holdings
Lost status Damaged status Collection code Home library Current library Shelving location Date acquired Source of acquisition Cost, normal purchase price Full call number Accession Number Koha item type
    MANAGEMENT JRU Library JRU Library SHELF-72-D 06/10/2022 DONATED 698.00 331.9-SAR-A 26858 Books